Normal view
MARC view
Entry Personal Name
001 - CONTROL NUMBER
- control field: 81724
003 - CONTROL NUMBER IDENTIFIER
- control field: dpl
005 - DATE AND TIME OF LATEST TRANSACTION
- control field: 20250605143631.0
008 - FIXED-LENGTH DATA ELEMENTS
- fixed length control field: 250605|| aca||aabn | a|a d
040 ## - CATALOGING SOURCE
- Original cataloging agency: dpl
- Transcribing agency: dpl
100 ## - HEADING--PERSONAL NAME
- Personal name: Karthikeyan, S
670 ## - SOURCE DATA FOUND
- Source citation: Work cat.: (dpl)211621: Duraivelu, K 81723, Engineering Metrology and Measusement/, 2018
